Nápoj, ktorý by sa nám nemal zunovať liter mlieka pokryje dennú potrebu vápnika pre človeka

Bibliographic Details
Main Author: Inštitorisová, Mária (upr)
Format: Article
Language:Slovak
Subjects:

MARC

LEADER 00000nab a2200000 a 4500
001 vtls000686424
003 SK-MaSNL
005 20260303194704.0
008 180206c1999 xo 0 slo
015 |a SNBRB1999/02-02979 
035 |a CLN000038591 
040 |a SNKBUCL  |b slo  |c SNKBUCL  |e AACR2 
041 0 |a slo 
044 |a xo  |c SK 
080 |a 613.287  |2 UDC-MRF-SK2 
080 |a 637.1  |2 UDC-MRF-SK2 
100 1 |a Inštitorisová, Mária  |4 upr  |9 44507 
245 1 0 |a Nápoj, ktorý by sa nám nemal zunovať  |b liter mlieka pokryje dennú potrebu vápnika pre človeka  |c pripravila Mária Inštitorisová 
650 0 7 |a výživa  |2 snkbucl  |9 2615 
650 0 7 |a mlieko  |2 snkbucl  |9 3942 
655 7 |a články z novín a časopisov  |2 snkbucl  |9 267496 
773 0 |t Roľnícke noviny  |g Č. 38 (25.2.1999) 
773 0 |t [Príl.] Agrokonzult  |g S. 3 
850 |a Slovenská národná knižnica v Martine 
852 |a SNK  |b KIS3GCP 
958 |a RBX 
999 |c 2158913  |d 2160843